Sequel, Trilogy or Stand Alone Movie III? Quiz Stats

 Plays Quiz Updated Mar 11, 2020

Support Sporcle.
Go Orange.
Score 0/25 Timer 06:00
0 Plays Today
Question Answer Wrong Answers
Brokeback Mountain
2005
Stand Alone
96%
Sequel
1%
Trilogy
0.4%
Million Dollar Baby
2004
Stand Alone
94.7%
Sequel
2.2%
Trilogy
0.5%
Big
1988
Stand Alone
94.2%
Sequel
2.6%
Trilogy
0.5%
The Notebook
2004
Stand Alone
94%
Sequel
2.7%
Trilogy
0.7%
A Few Good Men
1992
Stand Alone
92.2%
Sequel
4%
Trilogy
1.1%
Goodfellas
1990
Stand Alone
85.7%
Sequel
6.8%
Trilogy
4.9%
Superbad
2007
Stand Alone
84.7%
Sequel
10.8%
Trilogy
1.8%
The Mummy
1999
Trilogy
80.5%
Stand Alone
2.8%
Sequel
14.2%
Guess Who's Coming to Dinner?
1967
Stand Alone
78.3%
Sequel
16.7%
Trilogy
2.3%
Rush Hour
1998
Trilogy
71.8%
Stand Alone
4.7%
Sequel
20.9%
Spy Kids
2001
Trilogy
71.1%
Stand Alone
4.2%
Sequel
22.2%
The Expendables
2010
Trilogy
70.8%
Stand Alone
7.5%
Sequel
19.1%
Cheaper by the Dozen
2003
Sequel
69.3%
Stand Alone
17.8%
Trilogy
10.3%
Father of the Bride
1991
Sequel
69.2%
Stand Alone
17.5%
Trilogy
10.7%
Hot Shots
1991
Sequel
67.8%
Stand Alone
18.3%
Trilogy
11.1%
Grumpy Old Men
1993
Sequel
65.9%
Stand Alone
24.1%
Trilogy
7.4%
Bridget Jones's Diary
2001
Trilogy
62.5%
Stand Alone
7.1%
Sequel
27.8%
The Princess Diaries
2001
Sequel
62.4%
Stand Alone
20.6%
Trilogy
14.3%
Bad Boys
1995
Trilogy
62.2%
Stand Alone
16%
Sequel
19.3%
The Nutty Professor
1996
Sequel
62.1%
Stand Alone
12.6%
Trilogy
22.6%
The Santa Clause
1994
Trilogy
60.8%
Stand Alone
13.1%
Sequel
23.6%
Romancing the Stone
1984
Sequel
49.6%
Stand Alone
40.1%
Trilogy
7.5%
Crocodile Dundee
1986
Trilogy
47.4%
Stand Alone
5.7%
Sequel
44.3%
Fletch
1985
Sequel
45%
Stand Alone
45.3%
Trilogy
6.8%
Smokey and the Bandit
1977
Trilogy
30.2%
Stand Alone
28.9%
Sequel
38.1%

From the Vault

NFL 2013 Season Stat Leaders Week 2

by SporcleEXP

Sports 5m
Just remember, football is 80 percent mental and 40 percent physical.
Remove Ads.
Support Sporcle.
Get the best of Sporcle when you Go Orange. This ad-free experience offers more features, more stats, and more fun while also helping to support Sporcle. Thank you for becoming a member.

Show Comments

Extras

Top Quizzes Today


Score Distribution

Your Account Isn't Verified!

In order to create a playlist on Sporcle, you need to verify the email address you used during registration. Go to your Sporcle Settings to finish the process.

Report this User

Report this user for behavior that violates our Community Guidelines.

Details: